000 00406nam a2200157 a 4500
005 20140414132122.0
008 130213s19uu xx 00 eng d
050 _aTR
_bLi772 2011
245 _aLittle mermaid.
260 _bCastle Stree Press,
_c2011.
300 _a10p
500 _awith large illustrations
650 _aChildren stories.
700 _aKtie Saunders [illustrator]
999 _c115112
_d115112